Sprachwissen versus Sprachgebrauch im gesprochenen Karpatorussinischen
| Titel: | Sprachwissen versus Sprachgebrauch im gesprochenen Karpatorussinischen / Achim Rabus |
|---|---|
| Verfasser: | |
| In: |
Zeitschrift für slavische Philologie, Band 75, Heft 2 (2019), Seite 347-370 alle Artikel anzeigen |
| Veröffentlicht: | 2019 |
| Format: | Aufsatz |
| Sprache: | Deutsch |
X
alg: 51223105 001A $03025:11-10-23 001B $01999:16-10-23 $t23:43:54.000 001D $03025:11-10-23 001U $0utf8 001X $00 002@ $0Oou 002C $aText $btxt $2rdacontent 002D $aComputermedien $bc $2rdamedia 002E $aOnline-Ressource $bcr $2rdacarrier 003@ $0512231052 007A $0512231052 $aHEB 009Q $uhttps://www.jstor.org/stable/45238882 $xH 010@ $ager 010E $erda 011@ $a2019 021A $aSprachwissen versus Sprachgebrauch im gesprochenen Karpatorussinischen $hAchim Rabus 028A $BVerfasser $4aut $7105350831X $8Rabus, Achim$Z1979- [Tp3] $9343137976 031A $d75 $e2 $h347-370 $j2019 039B $aEnthalten in $8--Obvc--. Zeitschrift für slavische Philologie. - Heidelberg : Winter, 1925-. - Online-Ressource. - ISSN 2509-7482 $x201900000750002653 $9359201768 044K $RRusinisch $#Carpatho-Rusyn language $#Ruthène (langue) $#Karpatorusinisch Schriftsprache $#Karpato-Russinisch $#Karpato-Ruthenisch $#Karpathorusinisch $74567144-8 $8Karpatorusinisch [Ts1] $9090747577 044K $RParole $RPerformanz $#Language and languages Usage $#Sprachgebrauch $#Sprachverwendung $#Sprache Gebrauch $#Sprache Verwendung $74191506-9 $8Sprachgebrauch [Ts1] $9085952516 044K $RSprachkontakt $REinsprachigkeit $#Multilingualism $#Multilinguisme $#Multilinguismo $#Multilingüismo $#Mehrsprachigkeit $#Mehrsprachigkeit $#Multilingualismus $#Multilinguismus $#Polyglossie $#Gemischtsprachigkeit Mehrsprachigkeit $74038403-2 $8Mehrsprachigkeit [Ts1] $908510499X 045F $a417.709437 $eDDC23BSB 045F/01 $a417.7 045F/03 $g437 045T $aSLAW $qDE-1a $2FID lok: 51223105 78 exp: 51223105 78 1 #EPN 201B/01 $011-10-23 $t13:31:08.000 201C/01 $011-10-23 201U/01 $0utf8 203@/01 $01244752770 208@/01 $a11-10-23 $be 209A/01 $a/ $f000 $x00 209A/01 $ab*p $x01 220C/01 $apgar 244Z/01 $#Generalgouvernement Polen $#Polska $#Rzeczpospolita Polska $#Polska Rzeczpospolita Ludowa $#Poland $#Pologne $#République Polonaise $#Generalne Gubernatorstwo w Polsce $#Polish People's Republic $#Polska Rzeczpospolita Polen $#PRL $#RP $#Polen Generalgouvernement $#Polska Generalgouvernement $#Besetzte Polnische Gebiete $#Besetztes Gebiet in Polen $#Okupowane Polskie Obszary $#Obszary Okupowane w Polsce $#Volksrepublik Polen $#Polska Rosyjska $#Republic Polen $#Respublika Pol'ša $#Pol'skaja Narodnaja Respublika $#République de Pologne $#Polen Links der Weichsel $#Polska po Lewej Stronie Wisły $#Lenkija $#Polija $#Gubernija Carstva Pol'skago $#Republik Polen $74046496-9 $8--Tg1--Polen $x01 $9085129801 244Z/01 $#Slowakei $#Slowakei $#Slowakische Republik $#Oberungarn $#Slovensko $#Slovenská Republika $#Slovenská SR $#SSR $#Slovakia $#Slovaquie $#Slovak Republic $#République Slovaque $#Slovenská Socialistická Republika $#Slowakische Sozialistische Republik $#Slovak Socialist Republic $#République Socialiste Slovaque $74055297-4 $8--Tg1--Slowakei $x12 $9085153834 247C/01 $82080>Marburg/Lahn, Herder-Institut, Forschungsbibliothek, Bibliographieportal $9336309341
| LEADER | 00000caa a2200000 c 4500 | ||
|---|---|---|---|
| 001 | 512231052 | ||
| 003 | DE-603 | ||
| 005 | 20231016234354.0 | ||
| 007 | cr|||||||||||| | ||
| 008 | 231011s2019 xx |||| o| u00||u|ger c | ||
| 035 | |a (DE-599)HEB512231052 | ||
| 040 | |a DE-603 |b ger |c DE-603 |d DE-603 |e rda | ||
| 041 | |a ger | ||
| 082 | 0 | 4 | |8 1\u |a 417.709437 |q DE-101 |2 23/BSB |
| 084 | |a SLAW |q DE-1a |2 fid | ||
| 085 | |8 1\u |b 417.7 | ||
| 085 | |8 1\u |z 2 |s 437 | ||
| 100 | 1 | |a Rabus, Achim |d 1979- |e Verfasser |4 aut |0 (DE-603)343137976 |0 (DE-588)105350831X |2 gnd | |
| 245 | 0 | 0 | |a Sprachwissen versus Sprachgebrauch im gesprochenen Karpatorussinischen |c Achim Rabus |
| 264 | 0 | |c 2019 | |
| 336 | |a Text |b txt |2 rdacontent | ||
| 337 | |a Computermedien |b c |2 rdamedia | ||
| 338 | |a Online-Ressource |b cr |2 rdacarrier | ||
| 650 | 7 | |a Karpatorusinisch |0 (DE-588)4567144-8 |0 (DE-603)090747577 |2 gnd | |
| 650 | 7 | |a Sprachgebrauch |0 (DE-588)4191506-9 |0 (DE-603)085952516 |2 gnd | |
| 650 | 7 | |a Mehrsprachigkeit |0 (DE-588)4038403-2 |0 (DE-603)08510499X |2 gnd | |
| 773 | 0 | 8 | |i Enthalten in |t Zeitschrift für slavische Philologie |d Heidelberg : Winter, 1925- |h Online-Ressource |x 2509-7482 |g Band 75, Heft 2 (2019), Seite 347-370 |w (DE-603)359201768 |w (DE-600)2821808-5 |
| 856 | |u https://www.jstor.org/stable/45238882 |x Verlag | ||
| 924 | 1 | |9 2080 |a (DE-603)1244752770 |b DE-2080 |c HES |d d |g / | |


